| 000 | 00991nam a22002892a 4500 | ||
|---|---|---|---|
| 001 | 28366 | ||
| 003 | BD-RJUL | ||
| 005 | 20211209051255.0 | ||
| 008 | 140330s1933 enkabeh 001 0 eng d | ||
| 035 | _a(BD-RJUL)28447 | ||
| 040 |
_aDLC _cCLE _dOCL _dEQO _beng |
||
| 041 | _aeng | ||
| 082 |
_a942.073 _bDEN 1933 |
||
| 100 | 1 |
_aDesbrière, Edouard, _d1859- _979777 |
|
| 245 | 1 | 4 |
_aThe naval campaign of 1805 : _bTrafalgar / _cÉdouard Desbrière. Translated and edited by Constance Eastwick _nV-2 |
| 260 |
_aOxford : _bThe Clarendon Press, _c1933 |
||
| 300 |
_a444 P. : _bill. ; _c24 cm |
||
| 500 | _aFolded maps and plans in pockets | ||
| 500 | _aErrata slip inserted (v. 1, between p. xx & xxi) | ||
| 500 | _aVol. 2 contains appendixes (documents) | ||
| 504 | _aincludes index | ||
| 650 | 0 |
_aTrafalgar, Battle of, 1805 _971906 |
|
| 651 | 0 |
_aGreat Britain _xHistory, Naval _y19th century _957384 |
|
| 700 | 1 |
_aEastwick, Constance. _979778 |
|
| 942 |
_2ddc _cBK |
||
| 999 |
_c28366 _d28366 |
||